| 000 | 02683nam a22002897a 4500 | ||
|---|---|---|---|
| 001 | 8111 | ||
| 003 | FISKH | ||
| 005 | 20250909115145.0 | ||
| 008 | 250825b cb ||||| |||| 00| 0 eng d | ||
| 020 | _a9789996301643 | ||
| 040 |
_aFISKH _bkhr _cFISKH _dFISKH |
||
| 050 | _aPZ7 | ||
| 100 | _aDawn, Dim | ||
| 245 |
_aចៅល្ងង់ : _bStupid man / _cនិពន្ធដោយលោក ឌឹម ដន , កែសម្រួលដោយ អ្នកស្រី គឹមស៊ុន សុធារី , លោក ធី ចាន់ថន និងកញ្ញា ហេង ចរិយា |
||
| 260 |
_aភ្នំពេញ : _bReading Books , _c2012. |
||
| 300 |
_a20 pages : _bcolor illustrations ; _c25 cm . |
||
| 505 | _aQ | ||
| 520 | _aរឿង "បុរសល្ងង់" មានគោលបំណងអប់រំយុវជន និងកុមារ ឲ្យមានទម្លាប់ខិតខំព្យាយាមក្នុងការសិក្សា មានការប្រឈមប្រជែង និងការខិតខំឧស្សាហ៍ប្រឹងប្រែង ព្រមទាំងការយល់ដឹងអំពីបញ្ហាផ្សេងៗ ចាប់ពីវ័យក្មេងរហូតដល់វ័យពេញវ័យ ដោយមិនខ្ជិល។ បន្ថែមពីនេះ ទាំងការប្រឈមប្រជែង និងការខិតខំប្រឹងប្រែង គឺមានតួនាទីសំខាន់សម្រាប់អនាគត មិនថាអ្នកប្រើប្រាស់កម្លាំងរាងកាយឬប្រាជ្ញាចរិត យ៉ាងណាក៏ដោយ អ្នកនឹងទទួលបានជោគជ័យជាក់លាក់មួយណាមួយនៅថ្ងៃក្រោយជានិច្ច។ | ||
| 520 | _aThe story " Stupid Man " aims at educating youth and childdren to have a habit of working hard for their study, having struggle and endeavor , and understanding other matters from their childhood until their adulthood without getting lazy. Moreover, struggle and endavor play crucial roles for the future, no matter how you use your physical strength or your intelligence you will obtain a particular good achievement someday . | ||
| 521 | 8 |
_a660
_bLexile estimate |
|
| 521 | 8 |
_aQ
_bRaz-Plus |
|
| 650 |
_aចៅល្ងង់ _vរឿងនិទានកុមារ |
||
| 650 |
_aStupid man _vChildren's stories |
||
| 700 |
_aSaren, Koam _eIllustrator |
||
| 942 |
_2ddc _cKHB _n0 |
||
| 999 |
_c8111 _d8111 |
||